| 000 | 01081cam a22003494a 4500 | ||
|---|---|---|---|
| 001 | 15612642 | ||
| 003 | NUST | ||
| 005 | 20211206095532.0 | ||
| 008 | 090205s2009 pk l 000 0 eng | ||
| 010 | _a 2009355164 | ||
| 020 | _a9780195476415 | ||
| 025 | _aP-E-2009355164; 27 | ||
| 038 | _awaseem | ||
| 040 |
_aDLC _cDLC _dDLC |
||
| 042 | _alcode | ||
| 043 | _aa-pk--- | ||
| 050 | 0 | 0 |
_aKPL2832.A312001 _bS24 2009 |
| 082 |
_a343.5491052 _bSAE |
||
| 100 | 1 |
_aSaeed, Khawaja Amjad. _985702 |
|
| 245 | 1 | 0 |
_aIncome tax law of Pakistan / _cKhawaja Amjad Saeed. |
| 260 |
_aKarachi : _bOxford Univrsirty Press, _c2009. |
||
| 300 |
_a404 p. ; _c24 cm. |
||
| 500 | _a"Core texts for universities and colleges." | ||
| 563 | _aPBK. | ||
| 650 | 0 |
_aIncome tax _xLaw and legislation _zPakistan. _985703 |
|
| 650 | 0 |
_aTax administration and procedure _zPakistan. _985704 |
|
| 650 | 0 |
_aTax protests and appeals _zPakistan. _985705 |
|
| 650 | 0 |
_aTax returns _zPakistan. _985706 |
|
| 906 |
_a7 _bcbc _corigode _d2 _encip _f20 _gy-gencatlg |
||
| 942 |
_2ddc _cBK |
||
| 999 |
_c587065 _d587065 |
||